000 00291nam a22001457a 4500
020 _a81-713-0016-2
082 _a894.812.3
_bBAS/M
100 _aBASHEER
245 _aMATHILUKAL
260 _aKOTTAYAM
_bDC BOOKS
_c2017
300 _a63
520 _aNOVEL
650 _aNOVEL
942 _cBK
999 _c4719
_d4719